|
|
|
|
| LEADER |
01996nam a2200421 i 4500 |
| 001 |
EBC2097522 |
| 003 |
MiAaPQ |
| 005 |
20200520144314.0 |
| 006 |
m o d | |
| 007 |
cr cnu|||||||| |
| 008 |
150728t20142014it a ob 000 0 ita d |
| 020 |
|
|
|z 9788834848128
|
| 020 |
|
|
|a 9788892154421
|q (electronic bk.)
|
| 035 |
|
|
|a (MiAaPQ)EBC2097522
|
| 035 |
|
|
|a (Au-PeEL)EBL2097522
|
| 035 |
|
|
|a (CaPaEBR)ebr11079190
|
| 035 |
|
|
|a (OCoLC)914433767
|
| 040 |
|
|
|a MiAaPQ
|b eng
|e rda
|e pn
|c MiAaPQ
|d MiAaPQ
|
| 050 |
|
4 |
|a HF5626
|b .D4 2014
|
| 082 |
0 |
|
|a 657.0218
|2 23
|
| 100 |
1 |
|
|a De Luca, Francesca,
|e author.
|
| 245 |
1 |
3 |
|a Il percorso di convergenza tra IAS/IFRS e US GAAP :
|b Il ruolo degli attori e del contesto di riferimento /
|c Francesca De Luca.
|
| 264 |
|
1 |
|a Turin, [Italy] :
|b G. Giappichelli Editore,
|c 2014.
|
| 264 |
|
4 |
|c 2014
|
| 300 |
|
|
|a 1 online resource (129 pages) :
|b illustrations.
|
| 336 |
|
|
|a text
|2 rdacontent
|
| 337 |
|
|
|a computer
|2 rdamedia
|
| 338 |
|
|
|a online resource
|2 rdacarrier
|
| 490 |
0 |
|
|a Collana di Studi e Ricerche sul Sistema-Azienda : Serie Aziendale ;
|v Volume 27
|
| 504 |
|
|
|a Includes bibliographical references.
|
| 588 |
|
|
|a Description based on online resource; title from PDF title page (ebrary, viewed July 28, 2015).
|
| 590 |
|
|
|a Electronic reproduction. Ann Arbor, MI : ProQuest, 2015. Available via World Wide Web. Access may be limited to ProQuest affiliated libraries.
|
| 650 |
|
0 |
|a Accounting
|x Standards.
|
| 650 |
|
0 |
|a Finance, Public
|x Accounting
|x Standards.
|
| 655 |
|
4 |
|a Electronic books.
|
| 776 |
0 |
8 |
|i Print version:
|a De Luca, Francesca.
|t Percorso di convergenza tra IAS/IFRS e US GAAP : Il ruolo degli attori e del contesto di riferimento.
|d Turin, [Italy] : G. Giappichelli Editore, c2014
|h xv, 103 pages
|k Collana di Studi e Ricerche sul Sistema-Azienda : Serie Aziendale ; Volume 27
|z 9788834848128
|
| 797 |
2 |
|
|a ProQuest (Firm)
|
| 856 |
4 |
0 |
|u https://ebookcentral.proquest.com/lib/matrademy/detail.action?docID=2097522
|z Click to View
|